| 000 | 01422nam0a2200397 4500 | ||
|---|---|---|---|
| 001 | RU\NLR\bibl\398192 | ||
| 005 | 20260531052139.0 | ||
| 010 |
_a5-8053-0218-7 _98000 |
||
| 021 |
_aRU _b2003-11711 _9537 |
||
| 035 | _a(NLR Aleph) 000392402 | ||
| 090 |
_a523943 _c523943 |
||
| 100 | _a20030425d2003 |||y0rusy50 ca | ||
| 101 | 0 | _arus | |
| 102 | _aRU | ||
| 105 | _aa ||||||||| | ||
| 200 | 1 |
_aРусский язык. Домашний учитель _eУчеб. пособие для учащихся нач. шк. _fЛ. С. Васильева |
|
| 210 |
_aСаратов _cЛицей _d2003 |
||
| 215 |
_a254 с. _cил. _d24 |
||
| 225 | 1 | _aНачальная школа | |
| 300 | _aНа обл. авт. не указан | ||
| 517 | 0 | _aДомашний учитель | |
| 606 | 0 |
_aРусский язык _jХрестоматии _91533567 _3RU\NLR\auth\66969347 |
|
| 610 | 0 | _aРусский язык | |
| 675 |
_a373.167.1:811.161.1 _v3 _zrus |
||
| 675 |
_a811.161.1(075.2) _v3 _zrus |
||
| 686 |
_a14.25 _2rugasnti |
||
| 686 |
_a81.2Рус-922 _2rubbk |
||
| 686 | _aШ141.12-922.1[1/4]хрест | ||
| 700 | 1 |
_4070 _8rus _7ca _aВасильева _bЛ. С. _cрусист _gЛюбовь Станиславовна _3RU\NLR\auth\7723626 _96679 |
|
| 801 | 0 |
_aRU _bRKP _c20030425 _gPSBO |
|
| 801 | 1 |
_aRU _bRKP _c20030425 |
|
| 801 | 2 |
_aRU _bNLR _c20050816 _grcr |
|
| 942 | _cBOOK | ||
| 980 | _aNB | ||
| 980 | _aNBR | ||